Παναγιά. Θ15-03.

Αποθηκεύτηκε σε:
Λεπτομέρειες βιβλιογραφικής εγγραφής
Μορφή: Χάρτης
Γλώσσα:Greek
Δημοσίευση: [Χ.τ] : [χ.ό.].
Θέματα:
Ετικέτες: Προσθήκη ετικέτας
Δεν υπάρχουν, Καταχωρήστε ετικέτα πρώτοι!

MARC

LEADER 00000cem a2200000 a 4500
001 1/119853
008 030919n gr ||||| |##|||||||gre||
034 1 |a a  |b 120000 
040 |a GR-MyUa  |b gre  |c GR-MyUa  |e AACR2 
041 0 |a gre 
089 |p M  |a ΥΓΔΧ   |s 1Α-176  
245 1 0 |a Παναγιά.   |n Θ15-03.   |h [χάρτης]  
255 |a Κλίμακα απροσδιόριστη.  
260 |a [Χ.τ] :   |b [χ.ό.].  
300 |a 1 χάρτης :   |b ασπρόμ. ;   |c 81 x 56 εκ. 
500 |a Δασικός χάρτης.  
500 |a Γεωικανότητας.  
500 |a Υπουργείο Γεωργίας.  
500 |a Υπουργείο Αγροτικής Ανάπτυξης και Τροφίμων.  
650 0 |a Forests and forestry  |z Greece. 
650 0 |a Forests and forestry  |z Greece  |x Maps. 
650 0 |a Forests and forestry  |z Greece  |z Lesbos Island. 
650 0 |a Forests and forestry  |z Greece  |z Lesbos Island  |x Maps. 
651 0 |a Lesbos (Greece : Nome) 
651 0 |a Lesbos (Greece : Nome)  |v Maps. 
655 7 |a Zoning maps  |2 lcgft 
852 |a INST  |b LESVOS  |c MAP  |e 20190903  |h M ΙΓΜΕ/4Α-176  |p 005100061592  |q 005100061592  |t MAP  |y 23 
920 |a Εργαστήριο Χαρτογραφίας και Γεωπληροφορικής  |y Λέσβος-ΤΓ  |z 2018 
970 |a Καρά   |b Γιασεμή  |z 03/09/2019